Statistiques concernant Les jeux The Legend of Zelda

Cliquez ici pour prendre le quiz!

Statistiques générales

  • Ce quiz a été pris 635 fois
  • Le résultat moyen est 13 sur 17

Statistiques - réponses

Date de sortieConsole(s)Jeu% Correct
21 novembre 1998Nintendo 64The Legend of Zelda: Ocarina of Time
96%
3 mars 2017Wii U / Nintendo SwitchThe Legend of Zelda: Breath of the Wild
93%
27 avril 2000Nintendo 64The Legend of Zelda: Majora's Mask
92%
21 février 1986NESThe Legend of Zelda
89%
19 novembre 2006GameCube / WiiThe Legend of Zelda: Twilight Princess
88%
13 décembre 2002GameCubeThe Legend of Zelda: The Wind Waker
85%
18 novembre 2011WiiThe Legend of Zelda: Skyward Sword
80%
23 juin 2007Nintendo DSThe Legend of Zelda: Phantom Hourglass
75%
21 novembre 1991Super NintendoThe Legend of Zelda: A Link to the Past
72%
4 novembre 2004Game Boy AdvanceThe Legend of Zelda: The Minish Cap
72%
14 janvier 1987NESZelda II : The Adventure of Link
72%
9 décembre 2009Nintendo DSThe Legend of Zelda: Spirit Tracks
71%
6 juin 1993Game BoyThe Legend of Zelda: Link's Awakening
70%
27 février 2001Game Boy ColorThe Legend of Zelda: Oracle of Seasons / The Legend of Zelda: Oracle of Ages
61%
22 novembre 2013Nintendo 3DSThe Legend of Zelda: A Link Between Worlds
59%
2 décembre 2002Game Boy AdvanceThe Legend of Zelda: Four Swords
56%
22 octobre 2015Nintendo 3DSThe Legend of Zelda: Tri Force Heroes
54%

Distribution des résultats

Percentile par nombre de réponses

% des personnes avec chaque résultat

Votre développement - résultats

Vous n’avez pas pris ce quiz